000 00553nam a2200193Ia 4500
005 20250508165701.0
008 008 250505s9999 xx 000 0 eng d
037 _aPeriodicals
040 _aFEDL
_beng
_cFEDL
041 _aeng
_2eng
084 _a540, NCE
_qFEDL
245 0 _aChemistry : a textbook for class XII Part-1
245 0 _cNational council of educational research and training
260 _aDelhi, India
_bNCERT
_c1998
300 _aviii,219p.
365 _aINR
_b36
942 _cCR
_h540, NCE
999 _c1396729
_d1396729